000 00328nam a2200133Ia 4500
008 260604s9999 xx 000 0 und d
020 _a9781032164601
082 _a657 KEL
100 _aSarah turnbull
_935771
245 0 _aAdvertising Account Planning
260 _bRoutledge
500 _aAccounting, Advertising
942 _cBK
999 _c8601
_d8601